000 00420nam a2200169Ia 4500
008 101006t2006 xxu||||| |||| 00| 0 sin d
041 _asin
080 _aX8S1
_bLIY
100 _aLiyanage, Pramadasa K.
245 _aසංහිඳියාව
246 _aSanhindiyava
260 _bSumana Prakashana
_c2006
300 _b32p., 21 cm
942 _cBK
999 _c76613
_d76613
003 LK-CoDNM
040 _aLK-CoDNM
_dLK-CoDNM
_eLK-CoDNM